000 00499nam a2200181Ia 4500
005 20250508152349.0
008 008 250505s9999 xx 000 0 eng d
037 _aTextual
040 _aFEDL
_beng
_cFEDL
041 _aeng
_2eng
084 _a820, WAR
_qFEDL
100 _aWard A C
245 0 _aEnglish literature Chaucer to Bernard Shaw
260 _aLondon, UK
_bLongmans, Green and Co.
_c1958
300 _axxi,781p
942 _cTEXL
_h820, WAR
999 _c1335938
_d1335938